000
00315nam a2200133Ia 4500
008
150201s2007 xx 000 0 und d
082
_a
610
_b
B10D
100
_a
GOLDMAN,DAVID
245
_a
CECIL MEDICINE-2
250
_a
23RD
260
_b
ELSEVIER
_a
DELHI
_c
2007
650
_a
MEDICINE AND DIAGNOSIS
942
_2
ddc
_c
BK
999
_c
950
_d
950